000
00327nam a22001457a 4500
008
210528b ||||| |||| 00| 0 eng d
020
_a
9780323017398
041
_a
eng
080
_2
4th
_a
610.73
082
_a
610.73
100
_a
1
101
_a
INF
245
_a
Psychiatric Nursing
_c
Norman L. Keltner
942
_2
udc
_c
BK
999
_c
57771
_d
57771